| 000 | 01090nam a2200337 i 4500 | ||
|---|---|---|---|
| 003 | EG-ScBUE | ||
| 005 | 20230413095617.0 | ||
| 008 | 170508t2015 ko a f 000 0 eng d | ||
| 020 | _a9788973755981 | ||
| 020 | _a9788973755967 (set) | ||
| 040 |
_aEG-ScBUE _beng _erda _cEG-ScBUE _dEG-ScBUE |
||
| 041 | 1 |
_aeng _hund |
|
| 043 | _aa-ko--- | ||
| 082 | 0 | 4 |
_a782.42163095195 _bCHE _222 |
| 100 | 1 |
_aCheol-min, Song, _eauthor. |
|
| 245 | 1 | 0 |
_aK-pop : _bbeyond Asia / _cwriter, Song Cheol-min. |
| 264 | 1 |
_a[Sejong-si] : _bKorean Culture and Information Service, Ministry of Culture, Sports and Tourism, _c[2015] |
|
| 264 | 4 | _cc2015 | |
| 300 |
_a115 pages : _bcolor illustrations ; _c20 cm. |
||
| 336 |
_2rdacontent _atext _btxt |
||
| 337 |
_2rdamedia _aunmediated _bn |
||
| 338 |
_2rdacarrier _avolume _bnc |
||
| 490 | 0 |
_aKorean culture ; _vno. 2. |
|
| 546 | _aText translated to English. | ||
| 650 | 7 |
_aPopular music _zKorea (South) _2BUEsh |
|
| 651 | _2BUEsh | ||
| 653 |
_bGGEN _cMay2017 |
||
| 655 | _vReading book | ||
| 942 |
_2ddc _cBB |
||
| 999 |
_c24800 _d24772 |
||